01087nam a2200325Ia 450000500170000000800370001702000340005402000300008804100080011808200160012610000310014224501030017325000450027630000270032149000360034850000250038450000340040953400180044365000330046165000190049465000270051370000450054094200120058526400260059733600270062333700330065033800280068304000350071199900150074620220317001833.0170410s2011 s g 000 0 s a9788420650821 (obra completa) a9788420651323 (volumen 1) aspa04a939.4bA73c1 aAsimov, Isaac, d1920-199213aEl cercano orientebhistoria universal AsimovcIsaac Asimov ; traducción de Néstor A. Míguez aTercera edición, primera reimpresión a375 páginasc18 cm.  aEl libro de bolsillo : historia aIncluye cronología aIncluye índice onomástico tThe near east142LEMBaCivilización antigua142LEMBaSumerios142LEMBaHistoria antigua1 aMíguez, Néstor A.etraductor9101664 2ddccBK aMadridbAlianzac2011 atextobtxt2rdacontent asin mediaciónbn2rdamedia avolumenbnc2rdacarrier aCO-BoRNBPbspaerdacCO-BoRNBP c8258d8258